000 00206nam a2200097Ia 4500
008 170619s9999 xx 000 0 und d
100 _aRao B. Kanta
245 0 _aEmbedded Systems
260 _bPHI
260 _c2011
546 _aENGLISH
999 _c19992
_d19992